Comparaison des expressions idiomatiques et des métaphores françaises dans la traduction slovaque

Idiomatické a metaforické výrazy v jazyku. Francúzske idiomatické a metaforické výrazy, ktoré sú zoradené podľa témy, tiež podľa preložiteľnosti, existencie alebo neexistencie ekvivalentu v cieľovom jazyku.

Na minha lista:
Detalhes bibliográficos
Autor principal: Melušová, Elena, 1953-
Formato: Capítulo de Livro
Idioma:francês
Assuntos:
Tags: Adicionar Tag
Sem tags, seja o primeiro a adicionar uma tag!

MARC

LEADER 00000nla a2200000 4500
001 0223130
005 20240502073642.1
041 0 |a fre 
044 |a SK 
245 1 0 |a Comparaison des expressions idiomatiques et des métaphores françaises dans la traduction slovaque  |c Elena Melušová 
520 |a Idiomatické a metaforické výrazy v jazyku. Francúzske idiomatické a metaforické výrazy, ktoré sú zoradené podľa témy, tiež podľa preložiteľnosti, existencie alebo neexistencie ekvivalentu v cieľovom jazyku. 
610 2 0 |a jazykoveda 
610 2 0 |a jazyky cudzie 
610 2 0 |a francúzština 
610 2 0 |a slovenčina 
610 2 0 |a zásoba slovná 
610 2 0 |a preklady 
100 1 |a Melušová, Elena, 1953-